| 000 | 00588nam a2200145Ia 4500 | ||
|---|---|---|---|
| 008 | 100122s9999 xx 000 0 und d | ||
| 082 |
_b55948 _a332.67 |
||
| 100 | _aकुळकर्णी विनायक | ||
| 245 | _aगुंतवणूक आणि आयकर मार्गदर्शन | ||
| 260 |
_bऔदुंबर प्रकाशन _c1998 |
||
| 300 | _a95 | ||
| 630 | _aगुंतवणूक आणि आयकर मार्गदर्शन | ||
| 730 | _aगुंतवणूक आणि आयकर मार्गदर्शन | ||
| 942 | _cBOOK | ||
| 999 |
_c432479 _d432476 |
||